| 000 | 00368nam a2200109Ia 4500 | ||
|---|---|---|---|
| 008 | 171211s9999 xx 000 0 und d | ||
| 245 | _aReligion in the Ranks: Belief and Religious Experience in the Canadian Forces | ||
| 245 | _cDallaire Roméo and Joanne Benham Rennick | ||
| 260 | _c2011 | ||
| 650 | _xRELIGION | ||
| 856 | _uhttp://down.ebook777.com/063/1442642874.pdf | ||
| 999 |
_c350583 _d350583 |
||